000 00553nam a2200193 i 4500
001 85131
003 ES-MaACL
005 20230906175204.0
007 t|
008 041125s1911 fr ||||1| fre d
100 1 _aJouaust, R.
_967014
245 1 3 _aLe Ferromagnetisme /
_cpar R. Jouaust.
260 _aParis :
_bOctave Doin et Fils,
_c1911 (
_eTours :
_fMame)
300 _a417, XII p. :
_bil ;
_c19 cm.
490 1 _aEncyclopédie scientifique
830 0 _aEncyclopédie scientifique
_9180883
852 _aES-MaACL
_jD-4350
999 _c85131
_d85131